Leading Automobile Producing Nations Quiz Stats

 Plays Quiz not verified by Sporcle

Support Sporcle.
Go Orange.
Score 0/25 Timer 06:00
0 Plays Today
Rank Country % Correct
1.Japan
99.9%
2.United States of America
99.7%
4.Germany
98.8%
3.China
97.5%
6.France
95.5%
12.United Kingdom
94.2%
14.Italy
93.6%
10.Mexico
92.7%
13.Russia
91.7%
7.Brazil
90.3%
5.South Korea
89.3%
8.Spain
89.3%
9.Canada
88.7%
Rank Country % Correct
11.India
88.7%
21.Sweden
80.8%
23.Argentina
76.5%
19.Poland
74%
22.South Africa
69.7%
17.Turkey
65%
25.Indonesia
62.7%
16.Iran
59.4%
18.Czech Republic
52%
15.Thailand
50.4%
20.Belgium
49.6%
24.Slovakia
36.9%

You're not logged in!

Compare scores with friends on all Sporcle quizzes.
OR
Log In

From the Vault

Pixar in Foreign Languages

by mhershfield

Oesday Igpay Atinlay ountcay asway away oreignfay anguagelay?
Remove Ads.
Support Sporcle.
Get the best of Sporcle when you Go Orange. This ad-free experience offers more features, more stats, and more fun while also helping to support Sporcle. Thank you for becoming a member.

Show Comments

Extras

Top Quizzes Today


Score Distribution

Your Account Isn't Verified!

In order to create a playlist on Sporcle, you need to verify the email address you used during registration. Go to your Sporcle Settings to finish the process.

Report this User

Report this user for behavior that violates our Community Guidelines.

Details: